Análisis y diseño de una vivienda de una planta de mampostería confinada
Presenta un análisis y diseño de una vivienda de una planta de mampostería confinada, en el cual se analiza la estructura a través de marcos con el programa SAP2000, se diseña los elementos que componen los marcos vigas y columnas.
| Main Author: | |
|---|---|
| Other Authors: | |
| Format: | Tesis Section = Libro |
| Language: | Undetermined Spanish |
| Published: |
Managua
UNI
2007
|
| Subjects: |
| LEADER | 00986nam a2200241Ia 4500 | ||
|---|---|---|---|
| 008 | 240830s9999 xx 000 0 und d | ||
| 040 | |a BIBLIOTECA-RUPAP T.Mon 693.1 R173 | ||
| 041 | |a spa | ||
| 082 | |a T.Mon 693.1 R173 | ||
| 100 | 1 | |a Ramírez Sánchez, Lesliee Denisse | |
| 245 | 1 | 0 | |a Análisis y diseño de una vivienda de una planta de mampostería confinada |
| 260 | |a Managua |b UNI |c 2007 | ||
| 300 | |a 73 p. :il. | ||
| 502 | |a Tesis (Ingeniero Civil)- UNI, 2007. | ||
| 520 | 3 | |a Presenta un análisis y diseño de una vivienda de una planta de mampostería confinada, en el cual se analiza la estructura a través de marcos con el programa SAP2000, se diseña los elementos que componen los marcos vigas y columnas. | |
| 650 | 7 | |a MOMPOSTERIA | |
| 650 | 7 | |b DFISEÑO DE ESTRUCTURA DE EDIFICIO | |
| 650 | 7 | |c DISEÑO DE CIMENTACION | |
| 650 | 7 | |d DISEÑO DE VIGAS | |
| 700 | 1 | |a Tutor: |b Jarquín Montalván, Yader Andrés | |
| 942 | |c BK |2 ddc | ||
| 991 | |a TESIS | ||
| 999 | |c 18822 | ||